Millennium Out of the Ruins (Record n. 99187)

Dettagli MARC
000 -LEADER
fixed length control field 03730njm a2200517Ia 4500
001 - CONTROL NUMBER
control field F2562
003 - CONTROL NUMBER IDENTIFIER
control field IT-RoPAU
005 - DATE AND TIME OF LATEST TRANSACTION
control field 20220918181113.0
008 - FIXED-LENGTH DATA ELEMENTS--GENERAL INFORMATION
fixed length control field 131025s9999 xx 000 0 und d
040 ## - CATALOGING SOURCE
Original cataloging agency IT-RoPAU
040 ## - CATALOGING SOURCE
Transcribing agency IT-RoPAU
041 ## - LANGUAGE CODE
Language code of text/sound track or separate title INGLESE
999 ## - SYSTEM CONTROL NUMBERS (KOHA)
Koha Dewey Subclass [OBSOLETE] n.d.
100 ## - MAIN ENTRY--PERSONAL NAME
Personal name AA.VV.
9 (RLIN) 794
100 ## - MAIN ENTRY--PERSONAL NAME
Relator term Autore musica
9 (RLIN) 32606
100 ## - MAIN ENTRY--PERSONAL NAME
Miscellaneous information Codice autore musica SPICS: 12000
9 (RLIN) 796
245 ## - TITLE STATEMENT
Title Millennium Out of the Ruins
250 ## - EDITION STATEMENT
Edition statement 1a ed.
260 ## - PUBLICATION, DISTRIBUTION, ETC. (IMPRINT)
Place of publication, distribution, etc. BOSTON
260 ## - PUBLICATION, DISTRIBUTION, ETC. (IMPRINT)
Name of publisher, distributor, etc. PAULINE RECORDS
Date of publication, distribution, etc. 1996 [1a Ed.:1996 - Ed. Lingua Orig.: 1996]
300 ## - PHYSICAL DESCRIPTION
Extent COMPACT DISC
300 ## - PHYSICAL DESCRIPTION
Dimensions 68 minuti (Testo: 0 pag.)
500 ## - GENERAL NOTE
General note Musica religiosa. Testi delle canzoni. Show Me The Path di G. Gee. Bind Us Together di B. Gillman. You Are My Goddi G. Gee.
505 ## - FORMATTED CONTENTS NOTE
Formatted contents note Abundant Life (5:00) - You Are Mine (4:00) - He Shall Be Born (4:00) - Medley: Show Me the Path, Bind Us Together ,You Are My God (9:00) - Ave Maria (5:00) - Be Not Afraid (5:00) - Trust His Heart (5:00) - My Life Is In Your Hands (5:00) - Digo "Si", Senor (5:00) - Jesus My Lord My God My All (6:00) - Spirit Seeking Light and Beauty (6:00) - Distressing Disguise (5:00) - My Lord Will Come Again (5:00) - Try A Little Kindness (3:00)
511 ## - PARTICIPANT OR PERFORMER NOTE
Participant or performer note Coro delle Figlie di S. Paolo: Michelle Black, Helena Burns, Julia Darrenkamp, Tracey Dugas, Anne Flanagan, Donna Giaimo, Mary Lea Hill, Rebecca Hoffart, Lusia Ielonimo, Maria Lynch, Patricia Maresca, Sean Mayer, Marie Roos,Margaret Sato, Bridget Ellis (direttrice)
650 ## - SUBJECT ADDED ENTRY--TOPICAL TERM
Topical term or geographic name as entry element RELIGIOSO [COMPACT DISC]
Relator term Codice MATERIA SPICS: 9949
9 (RLIN) 14031
700 ## - ADDED ENTRY--PERSONAL NAME
Personal name Daughters of St.Paul
Miscellaneous information Codice interprete SPICS: 7531
Relator term Interprete
9 (RLIN) 32607
700 ## - ADDED ENTRY--PERSONAL NAME
Personal name Glover R.
Miscellaneous information Codice autore musica SPICS: 26956
Relator term Autore musica
Name of part/section of a work Abundant Life
9 (RLIN) 32608
700 ## - ADDED ENTRY--PERSONAL NAME
Personal name Duck Ruth
Miscellaneous information Codice autore testo/musica SPICS: 51066
Relator term Autore testo/musica
Name of part/section of a work Abundant Life
9 (RLIN) 32609
700 ## - ADDED ENTRY--PERSONAL NAME
Personal name Haas David
Miscellaneous information Codice autore testo/musica SPICS: 51067
Relator term Autore testo/musica
Name of part/section of a work You Are Mine
9 (RLIN) 32610
700 ## - ADDED ENTRY--PERSONAL NAME
Personal name AA.VV.
Miscellaneous information Codice autore musica SPICS: 12000
Relator term Autore musica
Name of part/section of a work He Shall Be Born - Medley: Show Me the Path, Bind Us Together, You Are My God - Ave Maria
9 (RLIN) 32611
700 ## - ADDED ENTRY--PERSONAL NAME
Personal name Dufford Bob S.J.
Miscellaneous information Codice autore testo/musica SPICS: 51068
Relator term Autore testo/musica
Name of part/section of a work Be Not Afraid
9 (RLIN) 32612
700 ## - ADDED ENTRY--PERSONAL NAME
Personal name Carswell Eddie
Miscellaneous information Codice autore musica SPICS: 51069
Relator term Autore musica
Name of part/section of a work Trust His Heart
9 (RLIN) 32613
700 ## - ADDED ENTRY--PERSONAL NAME
Personal name Mason Babbie
Miscellaneous information Codice autore testo/musica SPICS: 51070
Relator term Autore testo/musica
Name of part/section of a work Trust His Heart
9 (RLIN) 32614
700 ## - ADDED ENTRY--PERSONAL NAME
Personal name Montvilo Bill
Miscellaneous information Codice autore SPICS: 51072
Relator term Autore musica
Name of part/section of a work My Life Is In Your Hands
9 (RLIN) 32615
700 ## - ADDED ENTRY--PERSONAL NAME
Personal name Troccoli Kathy
Miscellaneous information Codice autore testo/musica SPICS: 51071
Relator term Autore testo/musica
Name of part/section of a work My Life Is In Your Hands
9 (RLIN) 32616
700 ## - ADDED ENTRY--PERSONAL NAME
Personal name Pena Donna
Miscellaneous information Codice autore testo/musica SPICS: 51073
Relator term Autore testo/musica
Name of part/section of a work Digo "Si", Senor
9 (RLIN) 32617
700 ## - ADDED ENTRY--PERSONAL NAME
Personal name Anonimo
Miscellaneous information Codice autore musica SPICS: 2620
Relator term Autore musica
Name of part/section of a work Jesus My Lord My God My All - Spirit Seeking Light and Beauty
9 (RLIN) 32618
700 ## - ADDED ENTRY--PERSONAL NAME
Personal name Faber F.
Miscellaneous information Codice autore testo/musica SPICS: 51074
Relator term Autore testo/musica
Name of part/section of a work Jesus My Lord My God My All
9 (RLIN) 32619
700 ## - ADDED ENTRY--PERSONAL NAME
Personal name Stuart Janet
Miscellaneous information Codice autore testo/musica SPICS: 51043
Relator term Autore testo/musica
Name of part/section of a work Spirit Seeking Light and Beauty
9 (RLIN) 32620
700 ## - ADDED ENTRY--PERSONAL NAME
Personal name Card Michael
Miscellaneous information Codice autore testo/musica SPICS: 51079
Relator term Autore testo/musica
Name of part/section of a work Distressing Disguise
9 (RLIN) 32621
700 ## - ADDED ENTRY--PERSONAL NAME
Personal name Haas David
Miscellaneous information Codice autore testo/musica SPICS: 51067
Relator term Autore testo/musica
Name of part/section of a work My Lord Will Come Again
9 (RLIN) 32622
700 ## - ADDED ENTRY--PERSONAL NAME
Personal name Austin Bobby
Miscellaneous information Codice autore musica SPICS: 51080
Relator term Autore musica
Name of part/section of a work Try A Little Kindness
9 (RLIN) 32623
700 ## - ADDED ENTRY--PERSONAL NAME
Personal name Sapaugh Curt
Miscellaneous information Codice autore testo/musica SPICS: 51081
Relator term Autore testo/musica
Name of part/section of a work Try A Little Kindness
9 (RLIN) 32624
942 ## - ADDED ENTRY ELEMENTS (KOHA)
Koha item type CD AUDIO
Source of classification or shelving scheme Dewey Decimal Classification
Dati di copia
Withdrawn status Lost status Damaged status Not for loan Home library Current library Date acquired Total Checkouts Full call number Date last seen Price effective from Koha item type Public note
    Buone Condizioni Not For Loan SPICS-MEDIATECA SPICS-MEDIATECA 25/10/2013   F2562 25/10/2013 25/10/2013 CD AUDIO Progr. Ins.: 22541 / N.Vol.: 1 / Copie: 1 - Copia rara: n.d. / date import: 01.01.2014 - By Epidotti, Trombetti, Vaglietti
CREDITS: SOCIETA' SAN PAOLO Via A.Severo, 58 - ROMA (RM) & PERIODICI SAN PAOLO SRL Via Giotto, 36 MILANO & CISF Via Giotto, 36 MILANO & EDIZIONI SAN PAOLO SRL,  Piazza Soncino, 5 CINISELLO BALSAMO (MI) -- ITALY